000 00511cam a2200157 4500500
005 20251228090707.0
041 _afre
042 _adc
100 1 0 _aBruley, Pauline
_eauthor
700 1 0 _ade Vitry, Alexandre
_eauthor
245 0 0 _aIntroduction
260 _c2015.
500 _a53
786 0 _nBulletin de l’Amitié Charles Péguy | 149 | 1 | 2015-04-08 | p. 9-20 | 0180-8567
856 4 1 _uhttps://shs.cairn.info/revue-bulletin-de-lamitie-charles-peguy-2015-1-page-9?lang=fr&redirect-ssocas=7080
999 _c1602588
_d1602588